000 00773nam a2200253 a 4500
001 BRCA_1546
005 20190320203452.0
008 900305s1987 mx-a---##b---f000-0bspa-c
020 _a9688373184
040 _aTxU
_cTxU
050 4 _aND259.G6
_b.L86 1987
100 1 _aLuna Arroyo, Antonio
_94980
245 1 0 _aFrancisco Goitia
_btotal
_cAntonio Luna Arroyo.
250 _a2
260 _aMéxico
_bUNAM
_c1987
300 _axxvi, 710 p.
_bil. (algunas a color)
_c27 cm.
500 _aIncluye índice de ilustraciones
500 _aTítulo en la portada : Goitia, Total
600 1 4 _aGoitia, Francisco
_d1882-1960
_94981
650 1 4 _aPintores
_vBiografía
_zMéxico
_94982
700 1 _aGoitia, Francisco
_d1882-1960
_94981
740 0 _aGoitia total
942 _2lcc
_cB
999 _c1391
_d1391